|
|
|
|
| LEADER |
00000nam0a2200000 4500 |
| 001 |
92647 |
| 005 |
20231031104754.0 |
| 035 |
|
|
|a (RuTPU)RU\TPU\book\99252
|
| 090 |
|
|
|a 92647
|
| 100 |
|
|
|a 20060316d1973 k y0rusy50 ca
|
| 101 |
0 |
|
|a rus
|
| 102 |
|
|
|a UA
|
| 105 |
|
|
|a a z 001zy
|
| 200 |
1 |
|
|a Цифровые приборы комбинированного уравновешивания
|f Б. И. Блажкевич, В. А. Погрибной
|g Академия наук Украинской ССР, Физико-механический институт
|
| 210 |
|
|
|a Киев
|c Наукова думка
|d 1973
|
| 215 |
|
|
|a 124 с.
|c ил.
|
| 320 |
|
|
|a Библиогр.: с. 118-123.
|
| 610 |
1 |
|
|a приборы
|
| 610 |
1 |
|
|a цифровые приборы
|
| 610 |
1 |
|
|a электроизмерительные приборы
|
| 610 |
1 |
|
|a цифровые электроизмерительные приборы
|
| 610 |
1 |
|
|a уравновешивание
|
| 675 |
|
|
|a 621.317.7.083
|v 3
|
| 700 |
|
1 |
|a Блажкевич
|b Б. И.
|g Богдан Иванович
|
| 701 |
|
1 |
|a Погрибной
|b В. А.
|g Владимир Александрович
|
| 712 |
0 |
2 |
|a Академия наук Украинской ССР (АН УССР)
|b Физико-механический институт (ФМИ)
|c (Львов)
|2 stltpush
|3 (RuTPU)RU\TPU\col\1181
|
| 801 |
|
1 |
|a RU
|b 63413507
|c 20060316
|g PSBO
|
| 801 |
|
2 |
|a RU
|b 63413507
|c 20200806
|g PSBO
|
| 942 |
|
|
|c BK
|